Nace la tierra.

Guardado en:
Formato: Deslizar
Series:Erase una vez el hombre
Materias:
Etiquetas: Agregar Etiqueta
Sin Etiquetas, Sea el primero en etiquetar este registro!
LEADER 00921ngm a22002775g 4500
001 CEM.cems022393
008 130507b1998##################0###0#####d
005 20241031164824.0
245 0 0 |a Nace la tierra. 
300 |a 25'. 
490 0 |a Erase una vez el hombre 
500 |a En soporte VHS, consultar en ventanilla. 
505 0 |a Origen de la vida. Evolución y selección natural de las especies. Eras geológicas. Pueblos cazadores. Pueblos recolectores. 
538 |a Soporte: VHS - Norma: Pal N - Color: Si - Grabación DRD 1998 - Hitachi=1500 
082 5 7 |/ EDU 
653 |a CIENCIAS SOCIALES 
653 |a GEOLOGIA 
653 |a TIERRA 
653 |a ORIGENES 
653 |a EVOLUCION 
653 |a ESPECIES 
653 |a ERAS GEOLOGICAS 
653 |a PUEBLOS PRIMITIVOS 
653 |a NIVEL PRIMARIO 
653 |a NIVEL SECUNDARIO 
859 |a CEMS  |b BIB. CEMS - Depto. Recursos Didacticos  |h 575  |i EDU  |k DRD  |p 1036.12  |t Ej.1